| 000 | 00483cam a2200157Ki 4500 | ||
|---|---|---|---|
| 082 |
_a942.08 _bOMA _cD |
||
| 100 | 1 |
_aOman, Charles, _949544 |
|
| 245 | 1 | 2 |
_aA history of England _cby Charles Oman. |
| 250 | _a9th and enl. ed. | ||
| 260 |
_aLondon : _bE. Arnold, _c1902. |
||
| 300 |
_avi, [2], 776 p. : _bmaps ; _c19 cm. |
||
| 526 |
_a0 _b0 _c0 _d942_080000000000000_OMA |
||
| 650 |
_aMCE _9379 |
||
| 856 | 4 | 0 | _uhttp://catalog.hathitrust.org/api/volumes/oclc/36981076.html |
| 942 |
_2ddc _cBK |
||
| 999 |
_c552780 _d552780 |
||